Totalitarismo y paranoia Lecturas de nuestra situacin̤ cultural /

Bibliographic Details
Main Author: Cardona Sur̀ez, Luis Fernando
Format: eBook
Language:Spanish
Published: Bogot:̀ Pontificia Universidad Javeriana, 2016
Subjects:
Online Access:Acceso restringido

MARC

LEADER 00000nam a22000007a 4500
005 20201223112517.0
007 cr|||| |||
008 201223s2016 co |||||s|||| 00||0 spa d
020 |a 978-958-716-969-0 
035 |a 32404 
040 |a vLex 
090 |c 11015  |d 11015 
100 1 |a Cardona Sur̀ez, Luis Fernando 
245 1 0 |a Totalitarismo y paranoia  |h [Recurso electrn̤ico] :  |b Lecturas de nuestra situacin̤ cultural /  |c Luis Fernando Cardona Sur̀ez 
256 |a Servicio en ln̕ea 
260 |a Bogot:̀  |b Pontificia Universidad Javeriana,  |c 2016 
300 |a 1 recurso electrn̤ico 
500 |a Este libro presenta los aportes de especialistas de diferentes campos de las ciencias sociales y humanas que han estudiado la naturaleza del totalitarismo y la paranoia, y su relacin̤ con la pregunta fundamental por la fragilidad humana. Estos aportes desarrollan tres asuntos fundamentales. En el primero, se intenta una aproximacin̤ al fenm̤eno totalitario en su perspectiva polt̕ica, mostrando sus delimitaciones y concreciones histr̤icas. En el segundo, se analiza este fenm̤eno a la luz de los dispositivos anm̕icos y simbl̤icos que se ponen aqu ̕en juego y se seąla cm̤o el ejercicio totalitario del poder penetra en todas las manifestaciones de la vida humana. En el tercero, se examinan las implicaciones ťico-existenciales que estǹ en la base del despliegue histr̤ico-polt̕ico del totalitarismo y se indican las profundas alteraciones de los vn̕culos ms̀ elementales que configuran la vida en comn︢ y algunas maneras de sobreponerse al terror. 
506 1 |a Disponible solo en los productos indicados  |d vLex Global  |d vLex Global (Academic Edition, excluding Law Schools)  |d vLex Global (U.S. Academic Edition, Law Schools)  |d vLex Global (U.S. Academic Edition, excluding Law Schools)  |d vLex Global (Academic Edition, Law Schools) 
650 0 4 |a Ciencia polt̕ica  |z Colombia 
650 0 4 |a Filosofa̕ y religin̤  |z Colombia 
740 0 |a vLex Libros (Servicio en ln̕ea) 
856 4 0 |u http://vlex.com/source/totalitarismo-y-paranoia-lecturas-de-nuestra-situacion-cultural-32404  |z Acceso restringido 
942 |c BOOK 
999 0 |a Political science 
999 0 |a Philosophy and religion